[Event "17eme open"]
[Site "Louviers"]
[Date "2013.11.09"]
[Round "1"]
[White "Julien, Franck"]
[Black "Guliyev, Namig"]
[Result "0-1"]
[WhiteElo "1678"]
[BlackElo "2563"]
[PlyCount "68"]
[EventDate "2012.05.13"]
[SourceDate "2013.11.16"]

1. d4 d5 2. c4 dxc4 3. Nc3 c6 4. e3 b5 5. a4 b4 6. Na2 e6 7. Bxc4 Nf6 8. Nf3
Nbd7 9. O-O Be7 10. Bd2 a5 11. Rc1 O-O 12. b3 Bb7 13. Rc2 c5 14. Nc1 Qb6 15.
Ne2 Rfd8 16. Ng3 Bxf3 17. gxf3 cxd4 18. exd4 Qxd4 19. Be3 Qh4 20. Qe2 Rac8 21.
Rfc1 h6 22. Ba6 Rxc2 23. Rxc2 Nd5 24. Qf1 Ne5 25. Be2 Bg5 26. Qc1 Bxe3 27. fxe3
Nc3 28. Qf1 Qe7 29. Qg2 Qa7 30. Nf1 Rd5 31. Kh1 Qd7 32. Bc4 Nxc4 33. bxc4 Rd1
34. Rd2 Rxf1+ 0-1

[Event "17eme open Louviers"]
[Site "?"]
[Date "2013.11.09"]
[Round "1"]
[White "Tirard, Hugo"]
[Black "Arinal, Serge"]
[Result "1-0"]
[WhiteElo "2416"]
[BlackElo "1666"]
[PlyCount "43"]
[EventDate "2012.05.13"]
[SourceDate "2013.11.16"]

1. e4 e6 2. d4 d5 3. Nc3 Nf6 4. e5 Nfd7 5. f4 c5 6. Nf3 Nc6 7. Be3 a6 8. Be2
cxd4 9. Nxd4 Bb4 10. O-O Bxc3 11. bxc3 O-O 12. Rf3 Ne7 13. Bd3 Re8 14. Bxh7+
Kxh7 15. Rh3+ Kg8 16. Qh5 Ng6 17. f5 Ndf8 18. fxg6 Nxg6 19. Nc6 bxc6 20. Qh7+
Kf8 21. Bc5+ Re7 22. Qh8+ 1-0

[Event "17eme open Louviers"]
[Site "?"]
[Date "2013.11.09"]
[Round "1"]
[White "Naji, Nil"]
[Black "Kirszenberg, Marc"]
[Result "0-1"]
[WhiteElo "1650"]
[BlackElo "2201"]
[PlyCount "74"]
[EventDate "2012.05.13"]
[SourceDate "2013.11.16"]

1. e4 d5 2. exd5 Nf6 3. Bb5+ Bd7 4. Bc4 Bg4 5. f3 Bf5 6. Nc3 Nbd7 7. d4 Nb6 8.
Bb5+ Bd7 9. Bxd7+ Qxd7 10. Nge2 Nbxd5 11. O-O e6 12. Nxd5 Nxd5 13. c4 Nb6 14.
b3 Be7 15. Bb2 O-O 16. Ng3 Rad8 17. Ne4 f5 18. Nc3 Qxd4+ 19. Qxd4 Rxd4 20. Nd5
Bc5 21. b4 Rxc4+ 22. bxc5 Nxd5 23. Rfe1 Re8 24. Rab1 Rxc5 25. Bd4 Rc4 26. Rbd1
Kf7 27. Bxg7 Kxg7 28. Rxd5 exd5 29. Rxe8 Kf6 30. Re2 c5 31. g3 d4 32. Rd2 Rc3
33. f4 Ke6 34. Kf2 Re3 35. Rb2 b6 36. a4 Ra3 37. Re2+ Kf6 0-1

[Event "17eme open Louviers"]
[Site "?"]
[Date "2013.11.09"]
[Round "1"]
[White "Duverne, Jean-Marie"]
[Black "Rousselin, Marc"]
[Result "1-0"]
[WhiteElo "2102"]
[BlackElo "1628"]
[PlyCount "47"]
[EventDate "2012.05.13"]
[SourceDate "2013.11.16"]

1. e4 c5 2. Nf3 d6 3. c3 Nf6 4. Be2 Nc6 5. d4 cxd4 6. cxd4 Nxe4 7. d5 Qa5+ 8.
Nc3 Nxc3 9. bxc3 Ne5 10. Nxe5 Qxc3+ 11. Bd2 Qxe5 12. O-O Bd7 13. Re1 Qxd5 14.
Bf3 Qd4 15. Bxb7 Rb8 16. Rb1 e6 17. Re4 Qf6 18. Bc6 Rxb1 19. Bxd7+ Kxd7 20.
Qxb1 Qd8 21. Rb4 d5 22. Rb7+ Kd6 23. Qb4+ Ke5 24. Qf4# 1-0

[Event "17eme open Louviers"]
[Site "?"]
[Date "2013.11.09"]
[Round "1"]
[White "Le Gallic, Yann"]
[Black "Chalmeton, Guillaume"]
[Result "0-1"]
[WhiteElo "1619"]
[BlackElo "2050"]
[PlyCount "72"]
[EventDate "2012.05.13"]
[SourceDate "2013.11.16"]

1. e4 c5 2. Nf3 a6 3. c3 d5 4. exd5 Qxd5 5. d4 Nf6 6. c4 Qe4+ 7. Qe2 cxd4 8.
Qxe4 Nxe4 9. Nxd4 e5 10. Nc2 Nc6 11. Be2 Bc5 12. O-O Be6 13. Bf3 Nd6 14. Bxc6+
bxc6 15. b4 Ba7 16. c5 Nc4 17. Ne3 O-O 18. Na3 Nxa3 19. Bxa3 Rad8 20. Rfd1
Rxd1+ 21. Rxd1 Bb8 22. Bb2 f5 23. a3 f4 24. Nf1 e4 25. Bc1 Be5 26. g3 g5 27.
Bd2 Bg4 28. Re1 Bf3 29. h4 gxh4 30. gxh4 Kf7 31. Nh2 Rg8+ 32. Kf1 Bg2+ 33. Ke2
f3+ 34. Nxf3 Bxf3+ 35. Kf1 Bh2 36. Be3 Rg1# 0-1

[Event "17eme open Louviers"]
[Site "?"]
[Date "2013.11.09"]
[Round "1"]
[White "Khudovekov, Stanislav"]
[Black "Langlet, Stephanie"]
[Result "1-0"]
[WhiteElo "2023"]
[BlackElo "1590"]
[PlyCount "53"]
[EventDate "2012.05.13"]
[SourceDate "2013.11.16"]

1. Nf3 d5 2. d4 Nf6 3. e3 e6 4. Bd3 Nc6 5. b3 Bd6 6. Bb2 O-O 7. O-O Re8 8. Ne5
Bd7 9. Nd2 Nb4 10. Be2 c5 11. a3 Nc6 12. Bd3 a6 13. c4 Qc7 14. f4 Rab8 15. g4
h6 16. Qf3 Rf8 17. g5 hxg5 18. fxg5 Nxe5 19. dxe5 Bxe5 20. gxf6 Bxh2+ 21. Kh1
Bc6 22. fxg7 dxc4 23. Be4 Bxe4 24. Nxe4 Be5 25. Qh3 Bxg7 26. Nf6+ Bxf6 27. Rg1+
1-0

[Event "17eme open Louviers"]
[Site "?"]
[Date "2013.11.09"]
[Round "1"]
[White "Roche, Jan-Francois"]
[Black "Boursier, Xavier"]
[Result "0-1"]
[WhiteElo "1587"]
[BlackElo "2019"]
[PlyCount "94"]
[EventDate "2012.05.13"]
[SourceDate "2013.11.16"]

1. b3 e5 2. Bb2 Nc6 3. e3 Nf6 4. Bb5 d6 5. Nf3 Be7 6. Bxc6+ bxc6 7. c4 O-O 8.
Nc3 Re8 9. Qc2 Bf8 10. d3 Rb8 11. h3 d5 12. O-O-O Bd6 13. g4 d4 14. exd4 exd4
15. Ne4 Nxe4 16. dxe4 c5 17. e5 Bb7 18. Qf5 Bxf3 19. Qxf3 Bxe5 20. Rhe1 Qg5+
21. Kb1 Qg6+ 22. Qe4 Qxe4+ 23. Rxe4 Bd6 24. Rde1 Rxe4 25. Rxe4 Kf8 26. Kc2 Re8
27. Kd3 Rb8 28. Bc1 a5 29. Bd2 {(=)} a4 30. bxa4 Rb2 31. a5 Rxa2 32. Re1 c6 33.
Rb1 Bc7 34. Rb7 Bxa5 35. Bxa5 Rxa5 36. Rb6 Ra3+ 37. Kd2 Rc3 38. Rxc6 Rxc4 39.
Rc7 Rc3 40. h4 Rf3 41. Rxc5 Rxf2+ 42. Kd3 Rf4 43. Rd5 Rxg4 44. h5 Ke7 45. Ra5
Kf6 46. Ra6+ Kg5 47. Ra5+ Kh6 0-1

[Event "17eme open Louviers"]
[Site "?"]
[Date "2013.11.09"]
[Round "1"]
[White "Levesque, Thomas"]
[Black "Jolly, Hugo"]
[Result "1-0"]
[WhiteElo "1985"]
[BlackElo "1550"]
[PlyCount "91"]
[EventDate "2012.05.13"]
[SourceDate "2013.11.16"]

1. d4 d5 2. c4 e6 3. Nc3 Nf6 4. Nf3 Nc6 5. g3 b6 6. Bg2 Bb7 7. O-O Be7 8. Bg5
O-O 9. Qc2 h6 10. Bxf6 Bxf6 11. cxd5 exd5 12. Rfd1 Qd7 13. a3 a5 14. Rac1 Rac8
15. Qa4 Rfd8 16. Nxd5 Qxd5 17. Ne1 Qe6 18. d5 Qxe2 19. dxc6 Ba6 20. b4 Rxd1 21.
Qxd1 Qxd1 22. Rxd1 axb4 23. axb4 Bc3 24. Nc2 Be5 25. Rd5 Re8 26. b5 Bc8 27. Ne3
Bd6 28. h3 g6 29. Rxd6 cxd6 30. Nd5 Kf8 31. Nxb6 Re1+ 32. Kh2 Rb1 33. Nxc8 Rxb5
34. Nxd6 Rc5 35. Nb7 Rc2 36. Be4 Rc3 37. Kg2 f5 38. Bd5 Ke7 39. Kf1 Kf6 40. Ke2
Ke5 41. Bg2 g5 42. Kd2 Rc4 43. Kd3 Rc1 44. Kd2 Rc4 45. Na5 Ra4 46. c7 1-0

[Event "17eme open Louviers"]
[Site "?"]
[Date "2013.11.09"]
[Round "1"]
[White "Jolly, Arthur"]
[Black "Burdet, Francois"]
[Result "0-1"]
[WhiteElo "1526"]
[BlackElo "1952"]
[PlyCount "102"]
[EventDate "2012.05.13"]
[SourceDate "2013.11.16"]

1. c4 Nf6 2. Nc3 e5 3. g3 c6 4. Bg2 d5 5. cxd5 cxd5 6. e3 Bb4 7. Nge2 O-O 8.
Qb3 Bxc3 9. Nxc3 d4 10. Bxb7 Bxb7 11. Qxb7 dxc3 12. Qxa8 Qb6 13. Qf3 cxb2 14.
Rb1 bxc1=Q+ 15. Rxc1 Nbd7 16. Rc2 e4 17. Qd1 Ne5 18. O-O Nf3+ 19. Kg2 h5 20. d3
Qe6 21. Rb2 Ng5 22. Kg1 Qh3 23. dxe4 Ng4 24. Re1 Nxh2 25. f4 Qxg3+ 26. Rg2
Nhf3+ 27. Kf1 Qxe1+ 28. Qxe1 Nxe1 29. Rxg5 Nf3 30. Rxh5 Nd2+ 31. Ke2 Nxe4 32.
Ra5 Re8 33. Rxa7 Nc3+ 34. Kf3 f5 35. Ra5 g6 36. Ra6 Kf7 37. Ra7+ Kf6 38. Ra6+
Re6 39. Rxe6+ Kxe6 40. a3 Kd5 41. Kg3 Kc4 42. Kf3 Kb3 43. Kg3 Kxa3 44. Kf3 Kb3
45. Kf2 Kc2 46. Kg3 Kd3 47. Kf3 Ne4 48. Kg2 Kxe3 49. Kf1 Kxf4 50. Kg2 Ke3 51.
Kf1 Nd2+ 0-1

[Event "17eme open Louviers"]
[Site "?"]
[Date "2013.11.09"]
[Round "1"]
[White "Abdat, Rachid"]
[Black "Blondel, Jean-Michel"]
[Result "1-0"]
[WhiteElo "1926"]
[BlackElo "1515"]
[PlyCount "49"]
[EventDate "2012.05.13"]
[SourceDate "2013.11.16"]

1. e4 e5 2. Nf3 d6 3. d4 exd4 4. Nxd4 Nf6 5. Nc3 Be7 6. Be2 a6 7. a4 Nbd7 8.
Nf5 O-O 9. Bg5 Nc5 10. Nxe7+ Qxe7 11. Nd5 Qd8 12. Bxf6 gxf6 13. Qd4 Kg7 14. Ra3
Nd7 15. Rg3+ Kh8 16. Rf3 Ne5 17. Nxf6 Nxf3+ 18. gxf3 Be6 19. Rg1 c5 20. Qc3 b5
21. Nxh7+ f6 22. Nxf8 Qxf8 23. Rg6 Kh7 24. Rxf6 Qg8 25. Qe3 1-0

[Event "17eme open Louviers"]
[Site "?"]
[Date "2013.11.09"]
[Round "1"]
[White "Lerdu, Gaspard"]
[Black "Blondel, Jerome"]
[Result "0-1"]
[WhiteElo "1500"]
[BlackElo "1924"]
[PlyCount "62"]
[EventDate "2012.05.13"]
[SourceDate "2013.11.16"]

1. e4 d5 2. exd5 Qxd5 3. Nc3 Qd6 4. Bc4 a6 5. Qf3 Nf6 6. Nge2 Nc6 7. O-O Ne5 8.
Qf4 g5 9. Qd4 Qxd4 10. Bxf7+ Nxf7 11. Nxd4 e5 12. Re1 Bd6 13. d3 Bd7 14. Nf3 g4
15. Bg5 Nxg5 16. Nxg5 O-O 17. Nce4 Nxe4 18. Nxe4 Bc6 19. Nd2 Bc5 20. Rxe5 Bxf2+
21. Kh1 Bh4 22. Rh5 Rf2 23. Rg1 Bf6 24. Ne4 Bxe4 25. dxe4 Kg7 26. Re1 Rxc2 27.
e5 Kg6 28. exf6 Kxh5 29. f7 Rf8 30. Re7 Rc1+ 31. Re1 Rxe1# 0-1

[Event "17eme open Louviers"]
[Site "?"]
[Date "2013.11.09"]
[Round "1"]
[White "Vigneron, Frederic"]
[Black "Bekkaye, Mohammed"]
[Result "1-0"]
[WhiteElo "1910"]
[BlackElo "1499"]
[PlyCount "55"]
[EventDate "2012.05.13"]
[SourceDate "2013.11.16"]

1. d4 Nf6 2. c4 e6 3. Nf3 c5 4. d5 exd5 5. cxd5 d6 6. Nc3 Bg4 7. e4 Nbd7 8. Be2
Be7 9. O-O O-O 10. a4 a6 11. Nd2 Bxe2 12. Qxe2 h5 13. h3 Rc8 14. a5 h4 15. Nc4
Nh7 16. Bf4 Qc7 17. Rfd1 g5 18. Bh2 f5 19. e5 dxe5 20. d6 Bxd6 21. Rxd6 Rf6 22.
Rad1 Rxd6 23. Rxd6 Nhf6 24. Re6 f4 25. Ne4 Rf8 26. Nxg5 Qd8 27. Qd3 Re8 28.
Qg6+ 1-0

[Event "17eme open Louviers"]
[Site "?"]
[Date "2013.11.09"]
[Round "1"]
[White "Grenet, Dominique"]
[Black "Andrieu, Philippe"]
[Result "0-1"]
[WhiteElo "1480"]
[BlackElo "1891"]
[PlyCount "104"]
[EventDate "2012.05.13"]
[SourceDate "2013.11.16"]

1. e4 c5 2. Nf3 Nc6 3. c3 d6 4. d3 g6 5. Be2 Bg7 6. Bg5 Nf6 7. Nbd2 O-O 8. O-O
Qc7 9. Re1 Bg4 10. Nh4 Bxe2 11. Qxe2 Rae8 12. Nf1 Nd7 13. Ng3 e6 14. Nf3 f5 15.
Qd2 Nce5 16. Nh4 fxe4 17. dxe4 Nf7 18. Be3 Nde5 19. Qe2 Nh6 20. h3 Qe7 21. Nf3
Nxf3+ 22. gxf3 e5 23. Kg2 Rf7 24. Rad1 Ref8 25. Qc4 Kh8 26. Qe2 Rxf3 27. Qxf3
Rxf3 28. Kxf3 Nf7 29. Kg2 h5 30. Rg1 Bh6 31. Bxh6 Nxh6 32. Rd3 Nf7 33. Kf1 h4
34. Ne2 g5 35. Rf3 Qe6 36. b3 d5 37. Re3 d4 38. cxd4 exd4 39. Rf3 Ne5 40. Rf5
d3 41. Nc3 Nf7 42. f3 c4 43. Rd5 Qxh3+ 44. Kf2 Ne5 45. Rxe5 Qh2+ 46. Rg2 Qxe5
47. Nd1 Qd4+ 48. Ne3 d2 49. Ke2 Qxe3+ 50. Kxe3 d1=Q 51. Rd2 Qxd2+ 52. Kxd2 h3
0-1

[Event "17eme open Louviers"]
[Site "?"]
[Date "2013.11.09"]
[Round "1"]
[White "Guillaumat, Jean-Pierre"]
[Black "Bailly, Thierry"]
[Result "1-0"]
[WhiteElo "1838"]
[BlackElo "1445"]
[PlyCount "107"]
[EventDate "2012.05.13"]
[SourceDate "2013.11.16"]

1. d4 c6 2. c4 d5 3. e3 Bf5 4. Nc3 Nf6 5. cxd5 cxd5 6. Qb3 Qd7 7. Nf3 Nc6 8.
Ne5 Qc7 9. Bb5 a6 10. Qa4 Rc8 11. Bxc6+ bxc6 12. Qxa6 e6 13. O-O Bd6 14. f4 O-O
15. Qe2 c5 16. Nb5 Qb8 17. Nxd6 Qxd6 18. Bd2 c4 19. a3 Nd7 20. Bb4 Qc7 21. Nxd7
Qxd7 22. Bxf8 Bd3 23. Qg4 Kxf8 24. Rf2 c3 25. bxc3 Rxc3 26. h4 Bf5 27. Qe2 Qc8
28. Qd2 g6 29. a4 Rc4 30. a5 Qa6 31. Kh2 f6 32. Qb2 Rc8 33. Qb6 Qxb6 34. axb6
Rb8 35. Rb2 Ke7 36. Ra7+ Kd6 37. Kg3 Kc6 38. Rc7+ Kd6 39. Rxh7 Kc6 40. Rc7+ Kd6
41. Rf7 Kc6 42. Rxf6 Rxb6 43. Rxb6+ Kxb6 44. Kf3 Kc7 45. g4 Be4+ 46. Kg3 Kd7
47. Rf7+ Ke8 48. Ra7 Kf8 49. h5 gxh5 50. gxh5 Kg8 51. Kg4 Bf5+ 52. Kg5 Kh8 53.
Kf6 Kg8 54. Re7 1-0

[Event "17eme open Louviers"]
[Site "?"]
[Date "2013.11.09"]
[Round "1"]
[White "Normand, Franck"]
[Black "Josse, Sebastien"]
[Result "0-1"]
[WhiteElo "1410"]
[BlackElo "1784"]
[PlyCount "30"]
[EventDate "2012.05.13"]
[SourceDate "2013.11.16"]

1. e4 d5 2. exd5 Qxd5 3. Nc3 Qa5 4. d4 Nf6 5. Nf3 Bf5 6. Bd2 c6 7. Bc4 e6 8.
Ne4 Qb6 9. Nxf6+ gxf6 10. Bb3 Nd7 11. O-O Rg8 12. Qe1 Bg4 13. Ba5 Bxf3 14. Bxb6
Rxg2+ 15. Kh1 Rg3# 0-1

[Event "17eme open Louviers"]
[Site "?"]
[Date "2013.11.09"]
[Round "1"]
[White "Saint-Gilles, Damien"]
[Black "Pineau, Patrick"]
[Result "1-0"]
[WhiteElo "1756"]
[BlackElo "1405"]
[PlyCount "57"]
[EventDate "2012.05.13"]
[SourceDate "2013.11.17"]

1. d4 c5 2. e3 e6 3. Nf3 Nc6 4. Nbd2 Nf6 5. c3 Be7 6. Bd3 d5 7. O-O c4 8. Bc2
Bd6 9. e4 Bf4 10. Re1 Qc7 11. e5 Ng4 12. g3 Bh6 13. h3 Nxf2 14. Kxf2 f5 15.
exf6 gxf6 16. Nf1 Bg7 17. Bf4 Qf7 18. Kg2 Ne7 19. Ba4+ Kd8 20. Bb5 Nc6 21. Qa4
Bd7 22. Re2 Re8 23. Rae1 Rc8 24. Bxc6 Rxc6 25. Qxa7 Bc8 26. Qa5+ Kd7 27. Ne3
Qg6 28. Nxd5 exd5 29. Qxd5+ 1-0

[Event "17eme open Louviers"]
[Site "?"]
[Date "2013.11.09"]
[Round "1"]
[White "Colin-Chen, Christine"]
[Black "Dunand, Damien"]
[Result "0-1"]
[WhiteElo "1370"]
[BlackElo "1725"]
[PlyCount "96"]
[EventDate "2012.05.13"]
[SourceDate "2013.11.17"]

1. e4 Nf6 2. Nc3 d5 3. exd5 Nxd5 4. Nf3 Bg4 5. d4 Nc6 6. Bb5 Qd6 7. O-O a6 8.
Ba4 Nxc3 9. bxc3 Qd5 10. c4 Qxc4 11. Bb3 Qc3 12. Bxf7+ Kd8 13. Be3 Kc8 14. Qd2
Qxd2 15. Nxd2 g6 16. Bb3 Bg7 17. c3 Kd7 18. Bc2 Rae8 19. Rae1 Be6 20. Nb3 Bc4
21. Nc5+ Kc8 22. Bb3 Bxf1 23. Ne6 Bxd4 24. Bxd4 Nxd4 25. Nxd4 e5 26. Kxf1 exd4
27. cxd4 Rxe1+ 28. Kxe1 Re8+ 29. Kd2 Kd7 30. Kd3 Kd6 31. f3 c5 32. dxc5+ Kxc5
33. h3 b5 34. g4 a5 35. f4 a4 36. Bd1 Rd8+ 37. Kc2 Kb4 38. Be2 Rd4 39. f5 Rf4
40. fxg6 hxg6 41. h4 Rf2 42. Kd3 Rh2 43. h5 gxh5 44. gxh5 Ka3 45. Ke3 b4 46.
Bc4 Rxh5 47. Kd2 Rh2+ 48. Kc1 Rxa2 0-1

[Event "17eme open Louviers"]
[Site "?"]
[Date "2013.11.09"]
[Round "1"]
[White "Ababsa, Tufek"]
[Black "Marie, Isabelle"]
[Result "1-0"]
[WhiteElo "1722"]
[BlackElo "1200"]
[PlyCount "53"]
[EventDate "2012.05.13"]
[SourceDate "2013.11.17"]

1. e4 c5 2. Nf3 d6 3. d3 Nc6 4. g3 e5 5. Bg2 Nf6 6. h3 Nd4 7. Nbd2 Nxf3+ 8.
Nxf3 h6 9. O-O Be7 10. Bd2 O-O 11. a4 Nd7 12. g4 g5 13. Nh2 Nb6 14. Re1 Qd7 15.
b3 f6 16. a5 Qc7 17. axb6 Qxb6 18. Nf1 Rd8 19. Ne3 Be6 20. Nf5 Bxf5 21. gxf5 d5
22. Qh5 d4 23. Qg6+ Kf8 24. Bf3 Qc6 25. Bh5 Qe8 26. Qxh6+ Kg8 27. Bxe8 1-0

[Event "17eme open Louviers"]
[Site "?"]
[Date "2013.11.09"]
[Round "1"]
[White "Varigault, Nicole"]
[Black "Laumesfeld, Laurent"]
[Result "0-1"]
[WhiteElo "1150"]
[BlackElo "1699"]
[PlyCount "94"]
[EventDate "2012.05.13"]
[SourceDate "2013.11.17"]

1. e4 c5 2. Nf3 d6 3. Bc4 Nf6 4. Nc3 g6 5. O-O Bg7 6. a3 O-O 7. d3 Nc6 8. Nd5
e6 9. Nxf6+ Bxf6 10. c3 d5 11. exd5 exd5 12. Bb3 Be6 13. Re1 b5 14. Rb1 c4 15.
dxc4 dxc4 16. Bc2 Qc7 17. Bg5 Bg7 18. Be4 Rac8 19. Qe2 Bg4 20. Qe3 Rfe8 21. Qf4
Be6 22. Qxc7 Rxc7 23. Bf4 Rcc8 24. Rbd1 Na5 25. Nd4 Bxd4 26. cxd4 Nb3 27. d5
Bd7 28. d6 Nc5 29. Bc2 Ne6 30. Be3 a6 31. g3 f5 32. f4 Kf7 33. Kf2 Nd8 34. h4
Nb7 35. b3 Rc6 36. bxc4 Rxd6 37. Bb3 Be6 38. Rxd6 Nxd6 39. Rc1 Bxc4 40. Rc3
Ne4+ 41. Kf3 Nxc3 42. Bc2 Bd5+ 43. Kf2 Ne4+ 44. Ke2 Rc8 45. Kd3 Bc4+ 46. Kd4
Rd8+ 47. Ke5 Rd5# 0-1

[Event "17eme open Louviers"]
[Site "?"]
[Date "2013.11.09"]
[Round "1"]
[White "Bordelet, Arthur"]
[Black "Voegele, Francois-Marie"]
[Result "1-0"]
[WhiteElo "1690"]
[BlackElo "1090"]
[PlyCount "59"]
[EventDate "2012.05.13"]
[SourceDate "2013.11.17"]

1. e4 c5 2. Nf3 d6 3. c3 e6 4. d4 Bd7 5. Bf4 Be7 6. Be2 Nc6 7. d5 Nb8 8. Qb3
Qc7 9. O-O Nf6 10. Nbd2 O-O 11. Rad1 Na6 12. Bxa6 bxa6 13. c4 Rad8 14. h3 Rfe8
15. Qc2 a5 16. Rfe1 Rb8 17. Bh2 Rb7 18. e5 Nh5 19. Ne4 g6 20. exd6 Bxd6 21.
Nxd6 Ng7 22. Nxe8 Qd8 23. Nxg7 Kxg7 24. dxe6 fxe6 25. Ne5 Qc8 26. Nxd7 Kf7 27.
Qd3 Rxb2 28. Qf3+ Ke7 29. Qf6+ Ke8 30. Qf8# 1-0

[Event "17eme open Louviers"]
[Site "?"]
[Date "2013.11.09"]
[Round "2"]
[White "Guliyev, Namig"]
[Black "Vigneron, Frederic"]
[Result "1-0"]
[WhiteElo "2563"]
[BlackElo "1910"]
[PlyCount "61"]
[EventDate "2012.05.13"]
[SourceDate "2013.11.18"]

1. e4 d6 2. d4 Nf6 3. Nc3 c6 4. Nf3 Bg4 5. h3 Bh5 6. Be3 e6 7. Bd3 d5 8. e5
Nfd7 9. g4 Bg6 10. Ne2 c5 11. c3 Nc6 12. O-O Be7 13. Kg2 Qc7 14. a3 Bxd3 15.
Qxd3 c4 16. Qc2 O-O-O 17. Nf4 g6 18. Rae1 h5 19. gxh5 gxh5 20. Rg1 Rdg8+ 21.
Kh1 Qd8 22. Rxg8 Qxg8 23. Rg1 Qf8 24. Qe2 Bd8 25. Ng5 Ne7 26. Qf3 Nb6 27. Nxh5
Nf5 28. Bc1 Rg8 29. Ng3 Bxg5 30. Nxf5 Bd8 31. Nd6+ 1-0

[Event "17eme open Louviers"]
[Site "?"]
[Date "2013.11.09"]
[Round "2"]
[White "Blondel, Jerome"]
[Black "Tirard, Hugo"]
[Result "0-1"]
[WhiteElo "1924"]
[BlackElo "2416"]
[PlyCount "52"]
[EventDate "2012.05.13"]
[SourceDate "2013.11.18"]

1. a3 Nf6 2. b4 d5 3. Bb2 Bg4 4. g3 e6 5. Bg2 a5 6. b5 c6 7. a4 Nbd7 8. c4 Qb6
9. Qb3 Ne4 10. Bxe4 dxe4 11. Qe3 Qxe3 12. dxe3 Nb6 13. Nd2 Bb4 14. O-O-O Bxd2+
15. Rxd2 Nxc4 16. Bxg7 Rg8 17. Rc2 cxb5 18. axb5 Na3 19. Rc3 Nxb5 20. Rb3 Nd6
21. Be5 Nc4 22. Bc3 Rc8 23. h3 Bh5 24. g4 Bg6 25. Rxb7 Nd6 26. Rb6 Rxc3+ 0-1

[Event "17eme open Louviers"]
[Site "?"]
[Date "2013.11.09"]
[Round "2"]
[White "Kirszenberg, Marc"]
[Black "Guillaumat, Jean-Pierre"]
[Result "1-0"]
[WhiteElo "2201"]
[BlackElo "1838"]
[PlyCount "83"]
[EventDate "2012.05.13"]
[SourceDate "2013.11.18"]

1. d4 d5 2. Nf3 Nf6 3. c4 e6 4. cxd5 exd5 5. Nc3 c6 6. Bg5 Be7 7. Qc2 h6 8. Bh4
O-O 9. e3 Nbd7 10. Bd3 Re8 11. O-O Ne4 12. Bxe7 Qxe7 13. Rab1 Nf8 14. b4 Nxc3
15. Qxc3 a6 16. a4 Be6 17. b5 axb5 18. axb5 Ra3 19. Rb3 Rea8 20. bxc6 Rxb3 21.
Qxb3 bxc6 22. Rc1 Ra3 23. Qb1 Qa7 24. Ne5 Bd7 25. h3 f6 26. Nf3 Kf7 27. Nh4 c5
28. dxc5 Ne6 29. Bf5 Nxc5 30. Bxd7 Nxd7 31. Qg6+ Kg8 32. Nf5 Nf8 33. Nxh6+ Kh8
34. Qe8 Kh7 35. Qxf8 Kxh6 36. Qh8+ Kg6 37. Qe8+ Kh6 38. g4 g5 39. Rc8 Ra6 40.
Qh5+ Kg7 41. Qh8+ Kg6 42. Rg8+ 1-0

[Event "17eme open Louviers"]
[Site "?"]
[Date "2013.11.09"]
[Round "2"]
[White "Andrieu, Philippe"]
[Black "Duverne, Jean-Marie"]
[Result "1-0"]
[WhiteElo "1891"]
[BlackElo "2102"]
[PlyCount "175"]
[EventDate "2012.05.13"]
[SourceDate "2013.11.19"]

1. c4 c5 2. Nf3 Nc6 3. Nc3 Nf6 4. g3 g6 5. Bg2 Bg7 6. O-O O-O 7. e3 d6 8. a3
Rb8 9. Re1 e5 10. d3 a6 11. Nd2 Bd7 12. Nde4 Nxe4 13. Nxe4 Qc7 14. Bd2 h6 15.
Nc3 Ne7 16. b4 Bc6 17. Bf1 b5 18. cxb5 axb5 19. Rc1 Qb7 20. Ne4 Bxe4 21. dxe4
c4 22. a4 bxa4 23. Qxa4 Qxe4 24. Rxc4 Qf5 25. e4 Qe6 26. Rec1 d5 27. exd5 Qxd5
28. Be3 Nf5 29. Bg2 Qe6 30. Rc6 Qd7 31. b5 Nxe3 32. fxe3 Qd3 33. Bf1 Qxe3+ 34.
Kh1 e4 35. R6c4 Rfe8 36. Bg2 Rbd8 37. R4c2 Rd4 38. Qa2 Red8 39. Rf1 Rf8 40. Rc7
Rd2 41. Qc4 Rf2 42. Rxf2 Qxf2 43. Qxe4 Rd8 44. Rc1 Qb6 45. Rf1 Qxb5 46. Qe7 Qe8
47. Qb4 Rb8 48. Qc4 Rc8 49. Qa2 Rc7 50. Bd5 Re7 51. Qc4 Be5 52. Qd3 Kg7 53. h4
Qc8 54. Kg2 Rc7 55. Rf2 f5 56. Qe2 Re7 57. h5 Qc5 58. Qa2 Bd4 59. Rc2 Qb4 60.
Qa8 Qb6 61. Qg8+ Kf6 62. Rc6+ Qxc6 63. Qxg6+ Ke5 64. Bxc6 Be3 65. Qg8 Bg5 66.
Qd5+ Kf6 67. Bd7 Re2+ 68. Kf1 Rd2 69. Qxf5+ Ke7 70. Bb5 Rd6 71. Ke2 Re6+ 72.
Kd3 Rd6+ 73. Kc4 Rd2 74. Qe5+ Kf8 75. Qe8+ Kg7 76. Kc5 Rd8 77. Qg6+ Kf8 78. Bc4
Rd7 79. Qf5+ Ke7 80. Qe6+ Kd8 81. Bb5 Be7+ 82. Kc4 Rd6 83. Qe5 Rb6 84. Qd5+ Rd6
85. Qa8+ Kc7 86. Qa7+ Kc8 87. Qxe7 Rb6 88. Kc5 1-0

[Event "17eme open Louviers"]
[Site "?"]
[Date "2013.11.09"]
[Round "2"]
[White "Chalmeton, Guillaume"]
[Black "Saint-Gilles, Damien"]
[Result "1-0"]
[WhiteElo "2050"]
[BlackElo "1756"]
[PlyCount "55"]
[EventDate "2012.05.13"]
[SourceDate "2013.11.19"]

1. e4 d6 2. d4 Nf6 3. Nc3 Nbd7 4. f4 e5 5. Nf3 exd4 6. Qxd4 c6 7. Bc4 Be7 8. e5
dxe5 9. fxe5 Bc5 10. Qh4 Qe7 11. Bf4 Ng4 12. Qxe7+ Kxe7 13. Ke2 Nb6 14. Bb3 Bf5
15. Rhf1 Rhe8 16. h3 Nh6 17. g4 Be6 18. Bxe6 Kxe6 19. Ne4 Be7 20. Rad1 Nd5 21.
Nd4+ Kd7 22. Bxh6 gxh6 23. c4 Nc7 24. Nb5+ Kc8 25. Nbd6+ Bxd6 26. Nxd6+ Kd7 27.
Rxf7+ Re7 28. Nf5+ 1-0

[Event "17eme open Louviers"]
[Site "?"]
[Date "2013.11.09"]
[Round "2"]
[White "Josse, Sebastien"]
[Black "Khudovekov, Stanislav"]
[Result "0-1"]
[WhiteElo "1784"]
[BlackElo "2023"]
[PlyCount "120"]
[EventDate "2012.05.13"]
[SourceDate "2013.11.25"]

1. d4 Nc6 2. e4 d6 3. Nf3 Nf6 4. Nbd2 g6 5. Bb5 Bd7 6. c3 Bg7 7. O-O O-O 8. Re1
a6 9. Ba4 b5 10. Bb3 e5 11. h3 Qe7 12. Nf1 h6 13. Ng3 Na5 14. Bc2 c5 15. d5 c4
16. Be3 Qd8 17. Qd2 Kh7 18. Nh2 Ng8 19. f4 f6 20. Rf1 Nb7 21. f5 g5 22. Qf2 Rc8
23. h4 Nc5 24. hxg5 fxg5 25. Nh5 Nf6 26. Nxf6+ Bxf6 27. Rad1 Be8 28. Qf3 Kg7
29. g3 a5 30. Rd2 b4 31. Bxc5 Rxc5 32. Ng4 h5 33. Ne3 g4 34. Nxg4 hxg4 35.
Qxg4+ Kf7 36. Rh2 Ke7 37. Kg2 b3 38. axb3 cxb3 39. Rh7+ Rf7 40. Rxf7+ Bxf7 41.
Bxb3 Rb5 42. Bc4 Rxb2+ 43. Rf2 Qb6 44. Qf3 Bh5 45. g4 Bxg4 46. Qg3 Qxf2+ 47.
Qxf2 Rxf2+ 48. Kxf2 Bg5 49. Bb3 Kd8 50. Ba4 Bh5 51. Kg3 Kc7 52. Bb3 Kb6 53. Ba2
Bd1 54. Bc4 a4 55. Ba2 Kc5 56. c4 Kd4 57. Kf2 Kxe4 58. c5 dxc5 59. d6 Kxf5 60.
Ke1 Bb3 0-1

[Event "17eme open Louviers"]
[Site "?"]
[Date "2013.11.09"]
[Round "2"]
[White "Boursier, Xavier"]
[Black "Ababsa, Tufek"]
[Result "1-0"]
[WhiteElo "2019"]
[BlackElo "1722"]
[PlyCount "39"]
[EventDate "2012.05.13"]
[SourceDate "2013.11.25"]

1. e4 e6 2. d4 d5 3. e5 c5 4. c3 Qb6 5. Nf3 Nc6 6. Be2 cxd4 7. cxd4 Nh6 8. b3
Bb4+ 9. Kf1 Nf5 10. Bb2 O-O 11. Bd3 Nh6 12. Ng5 g6 13. h4 f6 14. h5 fxg5 15.
hxg6 Kg7 16. Qh5 Rf4 17. Qxh6+ Kg8 18. Qxh7+ Kf8 19. Qh8+ Ke7 20. Rh7+ 1-0